000 00773nam a22001815i 4500
001 166998
003 ES-MaACL
005 20230906213435.0
008 971230s1851 sp a |||| | spa d
040 _aNA
_bspa
_cNA
100 1 _aVargas Machuca, Francisco.
_9133556
245 1 0 _aVida política militar y pública del Excmo. Sr. Don Francisco Lersundi actual ministro de la guerra /
_cescrita por Francisco Vargas Machuca.
260 _aMadrid :
_b[s.n.],
_c1851 (
_fImprenta de El Libro de la Verdad, á cargo de D.S. Montero)
300 _a406 p. , [2] h. de grab. :
_bil. ;
_c26 cm.
599 _a[2] h. de grab. : retrato del autor y de Vargas Machuca.
600 1 4 _aLersundi Ormaechea, Francisco (
_d1817-1874)
_9128900
852 _aES-MaACL
_jF-758
_z-- Enc. hol.
999 _c166998
_d166998